000 00963 a2200241 4500
999 _c8376
_d8376
020 _a9781137521613 (paperback)
020 _a1137521619 (paperback)
050 0 0 _aP302 HAR 2010
100 1 _aHart, Christopher
_eauthor.
245 1 0 _aCritical discourse analysis and cognitive science :
_bnew perspectives on immigration discourse /
_cChristopher Hart.
264 1 _aBasingstoke, Hampshire :
_bPalgrave Macmillan,
_c2015.
300 _axiii, 219 pages :
_billustrations ;
500 _aFirst published 2010.
504 _aIncludes bibliographical references (pages 202-216) and index.
650 0 _aCritical discourse analysis.
650 0 _aCognitive grammar.
650 0 _aEmigration and immigration
_xPress coverage.
650 7 _aCognitive grammar.
650 7 _aCritical discourse analysis.
650 7 _aEmigration and immigration
_xPress coverage.
942 _2lcc
_cBK
_h302
_iHAR
_kP